[Event "Pierrevert op"]
[Site "Pierrevert"]
[Date "2004.??.??"]
[Round "?"]
[White "Reverchon, Jean Noel"]
[Black "Chevreux, Sylvio"]
[Result "1-0"]
[WhiteElo "1910"]
[BlackElo "1590"]
[PlyCount "115"]
[EventDate "2004.??.??"]
[EventType "swiss (rapid)"]
[EventRounds "9"]
[EventCountry "FRA"]
[SourceTitle "EXT 2005"]
[Source "ChessBase"]
[SourceDate "2004.11.15"]
[SourceVersion "1"]
[SourceVersionDate "2004.11.15"]
[SourceQuality "1"]

1. d4 d5 2. c4 c6 3. Nc3 e6 4. cxd5 exd5 5. Qc2 Qf6 6. Nxd5 Qd6 7. Nc3 Qxd4 8. e3 Qc5 9. Bd3 Nf6 10. Nge2 Be6 11. 0-0 Bd6 12. f4 Nd5 13. Nxd5 Qxc2 14. Nf6+ gxf6 15. Bxc2 Bc4 16. Rd1 Bxe2 17. Rxd6 Nd7 18. b3 0-0-0 19. Bb2 Kc7 20. Rd2 Bh5 21. h3 h6 22. Bf5 Nb6 23. Rxd8 Rxd8 24. Bxf6 Rd1+ 25. Rxd1 Bxd1 26. Be5+ Kd8 27. Bd4 Nd5 28. Kf2 Nb4 29. Ke1 Bc2 30. Bc5 Bxf5 31. Bxb4 Bb1 32. a3 Ba2 33. Bf8 h5 34. b4 f5 35. g3 Kd7 36. Kd2 Ke6 37. e4 fxe4 38. Ke3 Kf5 39. Bc5 a6 40. g4+ hxg4 41. hxg4+ Kxg4 42. Kxe4 Kh5 43. f5 Kh6 44. Bf8+ Kh7 45. Ke5 Kg8 46. Be7 Kf7 47. Kd6 Bd5 48. f6 b6 49. Bd8 a5 50. b5 cxb5 51. Kxd5 b4 52. axb4 axb4 53. Kc4 b5+ 54. Kxb4 Ke8 55. Be7 Kd7 56. Kxb5 Ke6 57. Kc6 Kf7 58. Kd7 1-0